Las claves del arte islámico

Shranjeno v:
Bibliografske podrobnosti
Glavni avtor: Morales, Alfredo José (autor)
Format: Knjiga
Jezik:španščina
Izdano: Barcelona Arín 1987
Serija:Las Claves del arte. Serie estilos, 8
Teme:
Oznake: Označite
Brez oznak, prvi označite!

MARC

LEADER 00000nam a2200000 a 4500
001 UCX6301
003 CL-VaPUC
008 930511e19870000SP |||||||||||||||||spa|d
082 0 4 |a 709.02  |b MOR  |2 21 
100 |a Morales, Alfredo José  |e autor  |9 322725 
245 1 4 |a Las claves del arte islámico 
300 |a 80 p 
942 |c BK 
945 |d 19930511 00:00:00 
260 |a Barcelona  |b Arín  |c 1987 
650 0 |a Arte islámico (musulmán)  |9 314239 
650 0 |a Arquitectura islámica   |9 266680 
583 |a last modification  |c 19930511 00:00:00  |k Rodrigo Vera 
490 0 |a Las Claves del arte. Serie estilos, 8 
999 |c 226337  |d 226335 
952 |0 0  |1 0  |4 0  |6 709_020000000000000_MOR_1987  |7 0  |8 A  |9 224612  |a BIBHIS  |b BIBHIS  |d 2019-11-15  |i 2933896  |o 709.02 MOR 1987  |p 2933896  |r 2025-01-20  |w 2019-11-15  |y BK  |k HIS